Vista normal
Vista MARC
Entrada Personal Name
Número de registros utilizados en: 1
001 - CONTROL NUMBER
- control field: 17698
003 - CONTROL NUMBER IDENTIFIER
- control field: DLC
005 - DATE AND TIME OF LATEST TRANSACTION
- control field: 20251112131943.0
008 - FIXED-LENGTH DATA ELEMENTS
- fixed length control field: 240603n| azannaabn |a aaa c
010 ## - LIBRARY OF CONGRESS CONTROL NUMBER
- LC control number: no2024061572
035 ## - SYSTEM CONTROL NUMBER
- System control number: (OCoLC)oca16178845
040 ## - CATALOGING SOURCE
- Original cataloging agency: CU-A
- Language of cataloging: spa
- Description conventions: rda
- Transcribing agency: Mx-PuUPA
- Modifying agency: Mx-PuUPA
100 1# - HEADING--PERSONAL NAME
- Personal name: Lúquez, Claudia Victoria,
373 ## - ASSOCIATED GROUP
- Associated group: Universidad Nacional de San Juan (Argentina)
- Source of term: naf
373 ## - ASSOCIATED GROUP
- Associated group: Universidad Nacional de Cuyo
- Source of term: naf
373 ## - ASSOCIATED GROUP
- Associated group: Facultad de Ciencias Agrarias, UNCuyo
- Source of term: naf
374 ## - OCCUPATION
- Occupation: Ingeniera Agrícola
- Occupation: Ingeniera Agrónoma
- Occupation: Miembro del profesorado universitario y de colegios
- Occupation: Profesora de Botánica Sistemática
- Occupation: Doctora en Tecnología de los Alimentos
- Occupation: Autora
- Source of term: naf
375 ## - GENDER
- Gender: mujer
377 ## - ASSOCIATED LANGUAGE
- Language code: spa
400 1# - SEE FROM TRACING--PERSONAL NAME
- Personal name: Victoria Lúquez, Claudia
400 1# - SEE FROM TRACING--PERSONAL NAME
- Personal name: Lúquez, Claudia V.
670 ## - SOURCE DATA FOUND
- Source citation: Botánica sistemática esencial, 2023:
- Information found: title page (Claudia Victoria Lúquez) back cover (Claudia V. Lúquez; female; PhD in food technology; agricultural engineer; professor at Universidad Nacional de San Juan and adjunct professor at Facultad de Ciencias Agrarias, Universidad Nacional de Cuyo, Argentina)